| 000 | 00974nam a22001937a 4500 | ||
|---|---|---|---|
| 999 |
_c62005 _d62005 |
||
| 003 | Ge_BSU | ||
| 005 | 20240620174318.0 | ||
| 008 | 240620s1964 ge ||||| |||| 00| 0 geo d | ||
| 041 | _ageo | ||
| 080 | _a615.838.7(479.22) ფ-30 | ||
| 100 |
_aფარჯანაძე, შალვა _922469 |
||
| 245 |
_aახტალის (ფსევდოვულკანური) ტალახის სამკურნალო თვისებები / _cშალვა ფარჯანაძე; რედ. კ. ელიაშვილი. |
||
| 264 |
_aთბ. : _bსაბჭ. საქართველო, _c1964. |
||
| 300 |
_a188 გვ. : _bილ. ; _c20 სმ. |
||
| 490 | _aექიმის ბიბლიოთეკა | ||
| 653 | _aსამკურნალო ტალახი საქართველოში | ||
| 700 |
_aელიაშვილი, კ. _eრედაქტორი _922483 |
||
| 942 |
_2udc _cᲬᲘᲒᲜᲘ |
||